Statistics for European Geography on a Map #1

Click here to take the quiz!

General Stats

  • This quiz has been taken 9,669 times
    (9,665 since last reset)
  • The average score is 20 of 26

Answers on the Map

Answers color-coded by a green-red scale on the quiz's map according to % correct below.
 

Answer Stats

GroupAnswer% Correct
Mountain RangesAlps
97%
SeasBaltic Sea
91%
Countries Located on an IslandUnited Kingdom
91%
RiversDanube
90%
Countries Located on an IslandIreland
90%
Countries Located on an IslandIceland
89%
Countries Located on an IslandMalta
89%
Mountain RangesPyrenees
87%
SeasEnglish Channel
86%
Five Largest Landlocked CountriesAustria
82%
SeasAegean Sea
81%
Five Largest Landlocked CountriesHungary
81%
Busiest PortsRotterdam
81%
Five Largest Landlocked CountriesCzech Republic
80%
RiversRhine
79%
Five Largest Landlocked CountriesBelarus
78%
Five Largest Landlocked CountriesSerbia
76%
Busiest PortsHamburg
74%
Mountain RangesCaucasus
73%
RiversPo
71%
SeasBay of Biscay
67%
RiversLoire
56%
Busiest PortsAntwerp
54%
RiversDnieper
50%
Mountain RangesCarpathians
42%
Busiest PortsBremen
40%

Score Distribution

Percentile by Number Answered

Percent of People with Each Score

Your Score History

You have not taken this quiz since the last reset